Ambulatory electrocardiographic recording / (Record no. 2288)
[ view plain ]
| 000 -LEADER | |
|---|---|
| fixed length control field | 01092cam a2200313 i 4500 |
| 003 - CONTROL NUMBER IDENTIFIER | |
| control field | OSt |
| 005 - DATE AND TIME OF LATEST TRANSACTION | |
| control field | 20210708063218.0 |
| 008 - FIXED-LENGTH DATA ELEMENTS--GENERAL INFORMATION | |
| fixed length control field | 801008s1981 ilua b 101 0 eng |
| 020 ## - INTERNATIONAL STANDARD BOOK NUMBER | |
| International Standard Book Number | 0815192207 : |
| 040 ## - CATALOGING SOURCE | |
| Transcribing agency | ALUPE UNIVERSITY |
| 050 00 - LIBRARY OF CONGRESS CALL NUMBER | |
| Classification number | RC683 |
| Item number | .E5 W6 1981 |
| 060 ## - NATIONAL LIBRARY OF MEDICINE CALL NUMBER | |
| Classification number | WG 140 W926a 1980 |
| 111 2# - MAIN ENTRY--MEETING NAME | |
| Date of meeting or treaty signing | (1980 : |
| 245 10 - TITLE STATEMENT | |
| Title | Ambulatory electrocardiographic recording / |
| Statement of responsibility, etc. | [edited by] Nanette Kass Wenger, Michael B. Mock, Ivar Ringqvist. |
| 260 ## - PUBLICATION, DISTRIBUTION, ETC. | |
| Place of publication, distribution, etc. | Chicago : |
| Name of publisher, distributor, etc. | Year Book Medical Publishers, |
| Date of publication, distribution, etc. | c1981. |
| 300 ## - PHYSICAL DESCRIPTION | |
| Extent | xx, 456 p. : |
| Other physical details | ill. ; |
| Dimensions | 24 cm. |
| 504 ## - BIBLIOGRAPHY, ETC. NOTE | |
| Bibliography, etc. note | Includes bibliographical references and index. |
| 650 #0 - SUBJECT ADDED ENTRY--TOPICAL TERM | |
| Topical term or geographic name entry element | Electrocardiography |
| General subdivision | Congresses. |
| 650 #0 - SUBJECT ADDED ENTRY--TOPICAL TERM | |
| Topical term or geographic name entry element | Patient monitoring |
| General subdivision | Congresses. |
| 650 #0 - SUBJECT ADDED ENTRY--TOPICAL TERM | |
| Topical term or geographic name entry element | Ambulatory medical care |
| General subdivision | Congresses. |
| 650 #2 - SUBJECT ADDED ENTRY--TOPICAL TERM | |
| Topical term or geographic name entry element | Ambulatory care |
| General subdivision | Congresses. |
| 650 #2 - SUBJECT ADDED ENTRY--TOPICAL TERM | |
| Topical term or geographic name entry element | Electrocardiography |
| General subdivision | Congresses. |
| 650 #2 - SUBJECT ADDED ENTRY--TOPICAL TERM | |
| Topical term or geographic name entry element | Monitoring, Physiologic |
| General subdivision | Congresses. |
| 700 1# - ADDED ENTRY--PERSONAL NAME | |
| Personal name | Wenger, Nanette Kass. |
| 700 1# - ADDED ENTRY--PERSONAL NAME | |
| Personal name | Mock, Michael B. |
| 700 1# - ADDED ENTRY--PERSONAL NAME | |
| Personal name | Ringqvist, Ivar. |
| 906 ## - LOCAL DATA ELEMENT F, LDF (RLIN) | |
| a | 7 |
| b | cbc |
| c | orignew |
| d | u |
| e | ocip |
| f | 19 |
| g | y-gencatlg |
| 942 ## - ADDED ENTRY ELEMENTS (KOHA) | |
| Source of classification or shelving scheme | |
| Koha item type | Book |
| Suppress in OPAC | PW |
| Withdrawn status | Lost status | Source of classification or shelving scheme | Damaged status | Not for loan | Permanent Location | Current Location | Shelving location | Date acquired | Total Checkouts | Full call number | Barcode | Date last seen | Price effective from | Koha item type | Public note | Source of acquisition | Copy number |
|---|---|---|---|---|---|---|---|---|---|---|---|---|---|---|---|---|---|
| AU LIBRARY | AU LIBRARY | Open Shelf | 08.07.2021 | RC683 .E5 W6 1981 | 28003235 | 08.07.2021 | 08.07.2021 | Book | PW | ||||||||
| AU LIBRARY | AU LIBRARY | Open Shelf | 30.03.2022 | RC683 .E5 W6 1981 C2 | 28009079 | 30.03.2022 | 30.03.2022 | Book | SM | DONATION FROM MOI UNIVERSITY | 2 |